| 000 | 00953nam0a22002171i 4500 | ||
|---|---|---|---|
| 001 | rc\299756 | ||
| 005 | 20240726073555.0 | ||
| 035 | _a(NLR Aleph) 005535703 | ||
| 090 |
_a5656742 _c5656741 |
||
| 100 | _a20030307d1989 u |0rusy50 ca | ||
| 101 | 0 | _arus | |
| 102 | _aRU | ||
| 105 | _aa ||||||||| | ||
| 200 | 1 |
_aТерминологическое значение в английской фразеологии _e(Пробл. формирования и функционирования) _eАвтореф. дис. на соиск. учен. степ. канд. филол. наук _e(10.02.04) _fМоск. гос. ин-т иностр. яз. им. Мориса Тореза, Специализир. совет К.053.07.01 |
|
| 210 |
_aМ. _d1989 |
||
| 215 |
_a23 с. _cграф. |
||
| 700 | 1 |
_aБанкова _bО.К. _gОльга Константиновна |
|
| 801 | 0 |
_aRU _bNLR _gpsbo |
|
| 801 | 1 |
_aRU _bELAR _2rusmarc |
|
| 852 |
_aNLR _jА90/2592 |
||
| 942 | _cBOOK | ||